DIGITAL SIGNAL PROCESSING, A SYSTEM DESIGN APPROACH (Record no. 574417)
[ view plain ]
| 000 -LEADER | |
|---|---|
| fixed length control field | 00420nam a22001337a 4500 |
| 020 ## - INTERNATIONAL STANDARD BOOK NUMBER | |
| International Standard Book Number | 0-471-63765-3 |
| 082 ## - DEWEY DECIMAL CLASSIFICATION NUMBER | |
| Classification number | 621.3822 DEF'D |
| 100 ## - MAIN ENTRY--PERSONAL NAME | |
| Personal name | LUCAS, JOSEPH G, HODGKISS, WILLIAM S, DEFATTA, DAVID J |
| 9 (RLIN) | 66442 |
| 245 ## - TITLE STATEMENT | |
| Title | DIGITAL SIGNAL PROCESSING, A SYSTEM DESIGN APPROACH |
| 260 ## - PUBLICATION, DISTRIBUTION, ETC. | |
| Place of publication, distribution, etc. | NEWYORK |
| Name of publisher, distributor, etc. | JOHN WILEY |
| Date of publication, distribution, etc. | 1988 |
| 300 ## - PHYSICAL DESCRIPTION | |
| Extent | 661P |
| 650 ## - SUBJECT ADDED ENTRY--TOPICAL TERM | |
| Topical term or geographic name entry element | SIGNAL PROCESSING DIGITAL TECHNIQUES SYSTEM DESIGN |
| 9 (RLIN) | 66443 |
| 942 ## - ADDED ENTRY ELEMENTS (KOHA) | |
| Koha item type | Book |
| Withdrawn status | Lost status | Damaged status | Not for loan | Permanent Location | Current Location | Shelving location | Date acquired | Total Checkouts | Full call number | Barcode | Date last seen | Price effective from | Koha item type |
|---|---|---|---|---|---|---|---|---|---|---|---|---|---|
| College of Electrical & Mechanical Engineering (CEME) | College of Electrical & Mechanical Engineering (CEME) | General Stacks | 07/31/2017 | 621.3822 DEF'D | CEME-22722 | 06/28/2021 | 06/28/2021 | Book |
